000 00302nam a22001217a 4500
008 240502b |||||||| |||| 00| 0 eng d
050 _aPR 6015 .I53 H55 1966
_b1
100 _aHILTON JAMES.
245 _aLOST HORIZON
260 _aUS
_bNELSON DOUBLE, INC.
_c1966
300 _a543P.
942 _2lcc
_cBK
999 _c210037
_d210037